<?xml version="1.0" encoding="UTF-8"?><?xml-stylesheet type="text/xsl" href="static/style.xsl"?><OAI-PMH xmlns="http://www.openarchives.org/OAI/2.0/" xmlns:xsi="http://www.w3.org/2001/XMLSchema-instance" xsi:schemaLocation="http://www.openarchives.org/OAI/2.0/ http://www.openarchives.org/OAI/2.0/OAI-PMH.xsd"><responseDate>2026-04-27T02:29:34Z</responseDate><request verb="GetRecord" identifier="oai:uvadoc.uva.es:10324/6834" metadataPrefix="marc">https://uvadoc.uva.es/oai/request</request><GetRecord><record><header><identifier>oai:uvadoc.uva.es:10324/6834</identifier><datestamp>2021-06-29T10:13:16Z</datestamp><setSpec>com_10324_38</setSpec><setSpec>col_10324_852</setSpec></header><metadata><record xmlns="http://www.loc.gov/MARC21/slim" xmlns:doc="http://www.lyncode.com/xoai" xmlns:xsi="http://www.w3.org/2001/XMLSchema-instance" xmlns:dcterms="http://purl.org/dc/terms/" xsi:schemaLocation="http://www.loc.gov/MARC21/slim http://www.loc.gov/standards/marcxml/schema/MARC21slim.xsd">
<leader>00925njm 22002777a 4500</leader>
<datafield tag="042" ind1=" " ind2=" ">
<subfield code="a">dc</subfield>
</datafield>
<datafield tag="720" ind1=" " ind2=" ">
<subfield code="a">Quijano González, Almudena</subfield>
<subfield code="e">author</subfield>
</datafield>
<datafield tag="260" ind1=" " ind2=" ">
<subfield code="c">2014</subfield>
</datafield>
<datafield tag="520" ind1=" " ind2=" ">
<subfield code="a">La violencia es uno de los grandes problemas sociales que afecta a la sociedad latinoamericana. En concreto, en El Salvador, requieren de especial atención las pandillas juveniles o maras al ser producto del fracaso de una sociedad voraz e injusta que crea las condiciones necesarias para empujar hacia ellas a los y las jóvenes. Éstos, a su vez, se destruyen socialmente a sí mismos y a sus comunidades. Por tanto, romper los círculos de la violencia demanda propuestas contrarias al modelo represivo llevado a cabo por los gobiernos; encaminadas a la inclusión real de los y las jóvenes en la vida social, económica, cultural y educativa del país en donde la Educación Social cumple un papel importante.</subfield>
</datafield>
<datafield tag="024" ind2=" " ind1="8">
<subfield code="a">http://uvadoc.uva.es/handle/10324/6834</subfield>
</datafield>
<datafield ind1=" " ind2=" " tag="653">
<subfield code="a">Educación cívica</subfield>
</datafield>
<datafield ind1=" " ind2=" " tag="653">
<subfield code="a">Acción social</subfield>
</datafield>
<datafield tag="245" ind1="0" ind2="0">
<subfield code="a">Matar para vivir; las maras de El Salvador. Estudio de los principales factores</subfield>
</datafield>
</record></metadata></record></GetRecord></OAI-PMH>